| 000 | 02209nam0a2200361 4500 | ||
|---|---|---|---|
| 001 | RU\NLR\BIBL_A\022307922 | ||
| 005 | 20260503062503.0 | ||
| 010 |
_a978-5-6051448-4-7 _9500 |
||
| 021 |
_aRU _bКН-П-24-041114 _9КН-П-24-4067 |
||
| 035 | _a(NLR Aleph) 022307922 | ||
| 090 |
_a13663808 _c13663808 |
||
| 100 | _a20240827d2024 k y0rusy50 ca | ||
| 101 | 0 |
_arus _aeng |
|
| 102 | _aRU | ||
| 105 | _aa z 000yy | ||
| 181 | 0 |
_ai3 _baxxe |
|
| 182 | 0 | _an | |
| 200 | 1 |
_aУчетно-аналитическое обеспечение стратегии устойчивого развития предприятия _eсборник научных трудов _fМинистерство образования, науки и молодежи Республики Крым, Государственное бюджетное образовательное учреждение высшего образования Республики Крым "Крымский инженерно-педагогический университет" _gглавный редактор: Каджаметова Т. Н., доктор экономических наук, доцент |
|
| 203 |
_aТекст _bвизуальный _cнепосредственный |
||
| 210 |
_aСимферополь _cХотеева Л. В. _d2024 |
||
| 215 |
_a571 с. _cил., табл. _d21 |
||
| 300 | _aЧасть текста парал. на рус. и англ. яз. | ||
| 320 | _aБиблиогр. в конце тр. | ||
| 606 | 1 |
_aПредприятия _jСборники _xУстойчивость _92114536 _3RU\NLR\AUTH\661277561 |
|
| 606 | 1 |
_aПредприятия _jСборники _xБухгалтерский учет _92083052 _3RU\NLR\AUTH\661259099 |
|
| 686 | 1 | _aУ052.9(2)2(2Р)я43 | |
| 702 | 1 |
_aКаджаметова _bТ. Н. _gТамила Наримановна _4340 |
|
| 712 | 0 | 2 |
_4570 _aКрымский инженерно-педагогический университет им. Ф. Якубова _cСимферополь _9703387 _3RU\NLR\AUTH\880521272 |
| 942 | _cBOOK | ||
| 980 | _aNB | ||